Music Quiz

Random Music or Album Quiz

Madonna Albums Quiz Stats

 Plays Quiz Updated Dec 23, 2019

     
Support Sporcle.
Go Orange.
Score 0/14 Timer 04:00
5 Plays Today
Year Album % Correct
1984Like a Virgin
93.6%
1983Madonna
87.7%
1989Like a Prayer
84%
2000Music
82.6%
2019Madame X
79.8%
2012MDNA
79.8%
1998Ray of Light
79.6%
Year Album % Correct
1986True Blue
79.5%
1992Erotica
75.4%
2015Rebel Heart
74.4%
2005Confessions on a Dance Floor
71%
1994Bedtime Stories
69.9%
2008Hard Candy
69.8%
2003American Life
67.9%

From the Vault

That's NOT the Song Title

by redhed311

Music 10m
If you have any friends who are music snobs you should probably play this quiz before you talk to them.
Remove Ads.
Support Sporcle.
Get the best of Sporcle when you Go Orange. This ad-free experience offers more features, more stats, and more fun while also helping to support Sporcle. Thank you for becoming a member.

Show Comments

Extras

Top Quizzes Today


Score Distribution

Your Account Isn't Verified!

In order to create a playlist on Sporcle, you need to verify the email address you used during registration. Go to your Sporcle Settings to finish the process.

Report this User

Report this user for behavior that violates our Community Guidelines.

Details: